00826nam a2200253 a 45000010008000000030004000080050017000120080041000290100017000700200015000870400013001020500022001150820015001372450113001522500012002652600042002773000065003195040051003846500030004356500013004656500036004787000028005147000030005424402856OSt20161128091929.0920423s1992 mouaf b 001 0 eng  a 92150363  a0801660513 aDLCcDLC00aRB113b.P363 199200a616.0722000aPathophysiology :bclinical concepts of disease processes /cSylvia Anderson Price, Lorraine McCarty Wilson. a4th ed. aSt. Louis :bMosby-Year Book,cc1992. axiv, 1137 p., [4] p. of plates :bill. (some col.) ;c29 cm. aIncludes bibliographical references and index. 0aPhysiology, Pathological. 0aNursing. 2aPathologyxnurses' instruction.1 aPrice, Sylvia Anderson.1 aWilson, Lorraine McCarty.